Statistics for Kanye West albums quiz

Click here to take the quiz!

General Stats

  • This quiz has been taken 28 times
  • The average score is 15 of 16

Answer Stats

Answer% Correct
Donda
100%
Graduation
100%
Jesus Is King
100%
My Beautiful Dark Twisted Fantasy
100%
The Late Registration
100%
Vultures
100%
Ye
100%
College Dropout
96%
KIDS SEE GHOSTS
96%
The Life of Pablo
96%
Watch The Throne
96%
Yeezus
96%
808s & Heartbreak
91%
Vultures 2 (unreleased)
91%
Yandhi (unreleased)
65%
Good A** Job (unreleased)
30%

Score Distribution

Percentile by Number Answered

Percent of People with Each Score

Your Score History

You have not taken this quiz